Cours de morphologie generale : theorique descriptive

Αποθηκεύτηκε σε:
Λεπτομέρειες βιβλιογραφικής εγγραφής
Κύριος συγγραφέας: Melcuk, Igor A. (Igor Aleksandrovic) 1932-
Μορφή: Βιβλίο
Γλώσσα:French
Δημοσίευση: Paris : CNRS , 1993
Θέματα:
Ετικέτες: Προσθήκη ετικέτας
Δεν υπάρχουν, Καταχωρήστε ετικέτα πρώτοι!

MARC

LEADER 00000nam a2200000 i 4500
001 1/101997
008 951009s1993 fre d
020 |a 2-7606-1548-0 
035 |l 10012330 
040 |a GR-MY-UA  |b gre  |e aacr 
041 0 |a fre 
082 0 |a 415 
100 1 |a Melcuk, Igor A.  |q (Igor Aleksandrovic)  |d 1932- 
245 1 0 |a Cours de morphologie generale :  |b theorique descriptive /  |c Igor Mel'cuk 
260 |a Paris :   |b CNRS ,   |c 1993 
300 |a 410 p. 
500 |a Texte francais revu par Yves Gentilhomme 
504 |a Includes bibliographical references and index 
505 0 |a v.1 : Introduction et premiere partie : le mot 
650 0 0 |a Grammar, Comparative and general  |x Morphology. 
650 0 0 |a Linguistic analysis (Linguistics) 
650 0 0 |a Semantics. 
650 0 0 |a Word (Linguistics) 
852 |a INST  |b LESVOS  |e 19951009  |h 415 MEL  |p 005100012245  |q 005100012245  |t BK  |y 0 
909 |a Λ  |b 042416 
950 |a 140-1995-02-23